Statistics for Race-to-Nine Word Puzzle #3

Click here to take the quiz!

General Stats

  • This quiz has been taken 9,240 times
  • The average score is 4 of 7

Answer Stats

#Answer% Correct
4Aids, Dais, Sadi, Said
100%
3Sad
100%
5Aside, Aides, Ideas
87%
6Aisled, Deasil, Ideals, Ladies, Sailed
71%
7Details, Dilates
33%
8Citadels, Dialects
11%
9Dislocate
7%

Score Distribution

Percentile by Number Answered

Percent of People with Each Score

Your Score History

You have not taken this quiz